| 000 | 01212nam a2200313 4500 | ||
|---|---|---|---|
| 001 | 178825 | ||
| 003 | ES-MaACL | ||
| 005 | 20250902225546.0 | ||
| 008 | 110712s2010 sp d |||| |dspa d | ||
| 020 | _a978-84-96515-94-9 | ||
| 080 | _a331.2-055.2(460) | ||
| 080 | _a331.101.24-055.2(460) | ||
| 245 | 0 | 0 |
_aMujeres y mercado laboral en España _b: cuatro estudios sobre la discriminación salarial y la segregación laboral / _cdirigido por Antonio Villar ; Sara de la Rica Goiricelaya ... [et al.]. |
| 250 | _a1ª ed. | ||
| 260 |
_aBilbao : _bFundación BBVA, _c2010. |
||
| 300 |
_a189 p. : _bgráf. ; _c24 cm. |
||
| 500 | _aÍndices. | ||
| 504 | _aReferencias bibliográficas. | ||
| 650 | 7 |
_aMujeres- _xSalarios- _zEspaña. _9147327 |
|
| 650 | 7 |
_aDiscriminación sexual en el trabajo- _zEspaña. _9147328 |
|
| 650 | 0 | 4 |
_aMujeres- _xTrabajo- _zEspaña- _yS.XX. _915321 |
| 700 | 1 |
_aVillar, Antonio, _d1954- _9143379 |
|
| 700 | 1 |
_aRica, Sara de la, _d1963- _9147329 |
|
| 710 | 2 |
_aFundación BBVA _94230 |
|
| 852 |
_aES-MaACL _9185689 _bR.146139 _jA-11342 _cDEPO1 _dOlim: N-4346 _xDonación: Editorial |
||
| 942 |
_2udc _cMONOGRAFIA |
||
| 999 |
_c178825 _d178825 |
||